|
|
|
|
| LEADER |
00000nab a2200000 4500 |
| 001 |
vtls012157514 |
| 003 |
SK-MaSNL |
| 005 |
20260304214817.0 |
| 008 |
221220|2016 xo |||| ||an ||00 0|slo |
| 015 |
|
|
|a SNBRB2022/12
|
| 040 |
|
|
|a SPKCL
|b slo
|e rda
|
| 041 |
|
|
|a slo
|b slo
|
| 044 |
|
|
|a xo
|c SK
|
| 072 |
|
7 |
|a 616
|x Patológia. Klinická medicína
|2 konspekt
|
| 080 |
|
|
|a 612.39:616-006
|2 2011
|
| 100 |
1 |
|
|a Ševčovičová, Andrea,
|d 1982-
|4 aut
|9 189065
|
| 245 |
1 |
0 |
|a Výživa ako súčasť podpory liečby u onkologického pacienta
|c Andrea Ševčovičová, Katarína Kačmárová
|
| 300 |
|
|
|b Fotografie, tabuľky
|
| 336 |
|
|
|a text
|b txt
|2 rdacontent
|
| 337 |
|
|
|a bez média
|b n
|2 rdamedia
|
| 338 |
|
|
|a zväzok
|b nc
|2 rdacarrier
|
| 504 |
|
|
|a Obsahuje bibliografiu
|
| 546 |
|
|
|a Slovenské resumé
|
| 650 |
0 |
7 |
|a výživa
|2 SNKPH
|9 2615
|
| 650 |
0 |
7 |
|a onkologickí pacienti
|2 SNKPH
|9 78306
|
| 650 |
0 |
7 |
|a terapia
|2 SNKPH
|9 781
|
| 700 |
1 |
|
|a Kačmárová, Katarína
|4 aut
|9 1548904
|
| 773 |
0 |
|
|t Sestra
|g Roč. XV, č. 1-2 (2016)
|x 1335-9444
|
| 773 |
0 |
8 |
|t Odborná príloha Ošetrovateľská starostlivosť v onkológii
|g Roč. XV (2016), s. 32-34
|
| 958 |
|
|
|a NB
|
| 999 |
|
|
|c 3143373
|d 3145303
|